Statistics for Best QBs ever to never win MVP

Click here to take the quiz!

General Stats

  • This quiz has been taken 37 times
    (16 since last reset)
  • The average score is 10 of 20

Answer Stats

TeamQB% Correct
PITBen Roethlisberger
87%
LAC/NOSDrew Brees
87%
LAC/INDPhilip Rivers
87%
NOS/HOU/MINArchie Manning
80%
DET/LARMatthew Stafford
80%
DALTroy Aikman
80%
DALRoger Staubach
73%
NYJ/LARJoe Namath
67%
HOU/MIN/SEA/KANWarren Moon
67%
SDCDan Fouts
60%
NYGPhil Simms
60%
SEARussell Wilson
60%
MIABob Griese
47%
PHI/WAS/MINDonovan McNabb
40%
NEP/BUF/DALDrew Bledsoe
33%
PIT/CLE/KANLen Dawson
20%
CHI/BAL/HOU/OAKGeorge Blanda
13%
SDC/LAR/GBP/HOUJohn Hadl
7%
LAR/CHIBill Wade
0%
ATL/LARSteve Bartkowski
0%

Score Distribution

Percentile by Number Answered

Percent of People with Each Score

Your Score History

You have not taken this quiz since the last reset